Lillian Trasher : (Record no. 10434)
[ view plain ]
| 000 -LEADER | |
|---|---|
| fixed length control field | 01744cam a22003974a 4500 |
| 001 - CONTROL NUMBER | |
| control field | 13363828 |
| 003 - CONTROL NUMBER IDENTIFIER | |
| control field | GBCCL |
| 005 - DATE AND TIME OF LATEST TRANSACTION | |
| control field | 20241126110732.0 |
| 008 - FIXED-LENGTH DATA ELEMENTS--GENERAL INFORMATION | |
| fixed length control field | 031006s2004 wau c b 000 0beng |
| 010 ## - | |
| -- | 2003022068 |
| 020 ## - INTERNATIONAL STANDARD BOOK NUMBER | |
| International Standard Book Number | 1576583058 |
| 040 ## - CATALOGING SOURCE | |
| Original cataloging agency | DLC |
| Transcribing agency | DLC |
| Modifying agency | DLC |
| 042 ## - | |
| -- | pcc |
| -- | lcac |
| 043 ## - | |
| -- | f-ua--- |
| 050 00 - | |
| -- | BV3572.T7 |
| -- | B46 2004 |
| 082 00 - DEWEY DECIMAL CLASSIFICATION NUMBER | |
| Classification number | 266.0092 |
| -- | B |
| Edition information | 22 |
| Item number | BEN |
| 100 1# - MAIN ENTRY--PERSONAL NAME | |
| Personal name | Benge, Janet, |
| Dates associated with a name | 1958- |
| 9 (RLIN) | 17368 |
| 245 10 - TITLE STATEMENT | |
| Title | Lillian Trasher : |
| Remainder of title | the greatest wonder in Egypt / |
| Statement of responsibility, etc. | Janet & Geoff Benge. |
| 260 ## - PUBLICATION, DISTRIBUTION, ETC. | |
| Place of publication, distribution, etc. | Seattle : |
| Name of publisher, distributor, etc. | YWAM Publishing, |
| Date of publication, distribution, etc. | c2004. |
| 300 ## - PHYSICAL DESCRIPTION | |
| Extent | 190 p. ; |
| Dimensions | 21 cm. |
| 440 #0 - SERIES STATEMENT/ADDED ENTRY--TITLE | |
| Title | Christian heroes, then & now |
| 9 (RLIN) | 17374 |
| 504 ## - BIBLIOGRAPHY, ETC. NOTE | |
| Bibliography, etc. note | Includes bibliographical references (p. 190). |
| 520 ## - SUMMARY, ETC. | |
| Summary, etc. | A biography of the American missionary woman who founded an orphanage in Egypt in the early 1900s, when Egyptians were rebelling against their British overlords, where she trusted God to provide for the thousands of children in her care. |
| 600 10 - SUBJECT ADDED ENTRY--PERSONAL NAME | |
| Personal name | Trasher, Lillian Hunt, |
| Dates associated with a name | 1887-1961 |
| Form subdivision | Juvenile literature. |
| 9 (RLIN) | 18138 |
| 600 11 - SUBJECT ADDED ENTRY--PERSONAL NAME | |
| Personal name | Trasher, Lillian Hunt, |
| Dates associated with a name | 1887-1961. |
| 9 (RLIN) | 18139 |
| 650 #0 - SUBJECT ADDED ENTRY--TOPICAL TERM | |
| Topical term or geographic name entry element | Women missionaries |
| Geographic subdivision | Egypt |
| -- | Asyūṭ |
| Form subdivision | Biography |
| -- | Juvenile literature. |
| 9 (RLIN) | 18140 |
| 650 #0 - SUBJECT ADDED ENTRY--TOPICAL TERM | |
| Topical term or geographic name entry element | Orphanages |
| Geographic subdivision | Egypt |
| -- | Asyūṭ |
| Form subdivision | Juvenile literature. |
| 9 (RLIN) | 18141 |
| 650 #1 - SUBJECT ADDED ENTRY--TOPICAL TERM | |
| Topical term or geographic name entry element | Missionaries. |
| 9 (RLIN) | 3863 |
| 650 #1 - SUBJECT ADDED ENTRY--TOPICAL TERM | |
| Topical term or geographic name entry element | Women |
| Form subdivision | Biography. |
| 9 (RLIN) | 18142 |
| 650 #1 - SUBJECT ADDED ENTRY--TOPICAL TERM | |
| Topical term or geographic name entry element | Orphanages |
| Geographic subdivision | Egypt |
| -- | Asyūṭ. |
| 9 (RLIN) | 18143 |
| 700 1# - ADDED ENTRY--PERSONAL NAME | |
| Personal name | Benge, Geoff, |
| Dates associated with a name | 1954- |
| 9 (RLIN) | 17373 |
| 856 41 - ELECTRONIC LOCATION AND ACCESS | |
| Materials specified | Table of contents |
| Uniform Resource Identifier | <a href="http://www.loc.gov/catdir/toc/ecip0412/2003022068.html">http://www.loc.gov/catdir/toc/ecip0412/2003022068.html</a> |
| 906 ## - LOCAL DATA ELEMENT F, LDF (RLIN) | |
| a | 7 |
| b | cbc |
| c | orignew |
| d | 1 |
| e | ecip |
| f | 20 |
| g | y-gencatlg |
| 942 ## - ADDED ENTRY ELEMENTS (KOHA) | |
| Source of classification or shelving scheme | Dewey Decimal Classification |
| Koha item type | Books |
| Withdrawn status | Lost status | Source of classification or shelving scheme | Damaged status | Not for loan | Home library | Current Library | Shelving location | Date acquired | Total checkouts | Full call number | Barcode | Date last seen | Copy number | Price effective from | Koha item type |
|---|---|---|---|---|---|---|---|---|---|---|---|---|---|---|---|
| Dewey Decimal Classification | GRACE BIBLE COLLEGE | GRACE BIBLE COLLEGE | Ministry & Mission | 2024-07-18 | 266.0092 BEN | 016955 | 2025-05-01 | c.1 | 2024-07-18 | Books |